000 00942nam a22002537a 4500
005 20170124103027.0
010 _aB-082757
020 _c150.00
_a8173154473
035 _aB-082757
037 _bCen Lib/Ret
040 _aDPL
_bHN
082 _a
_bशर्माम
100 _aशर्मा, मनु
_962496
245 _aदीक्षा /
_cमनु शर्मा
246 _aDeeksha /
_bby Manu Sharma
260 _c2004
_aनई दिल्ली
_bप्रभात प्रकाशन
270 _a4/19, आसफ अली रोड
_bनई दिल्ली
_e110002
300 _a135पृ.
_c20सेमी (सजिल्द)
650 _aहिन्दी -- साहित्य
_962497
650 _aहिन्दी -- कहानियाँ
_962498
650 _aHindi -- Literature
_962499
650 _aHindi -- Stories
_962500
942 _2ddc
_cHN
_h
_mशर्माम
999 _c115646
_d115646